| 000 | 01440nam a2200301 a 4500 | ||
|---|---|---|---|
| 001 | BRCA_3432 | ||
| 005 | 20190320204259.0 | ||
| 041 | _aita | ||
| 044 | _ait | ||
| 084 |
_a721 _b.G76 _c1722 |
||
| 100 | 1 |
_aCervantes Saavedra, Miguel de _d1547-1616 _9213 |
|
| 245 | 1 | 0 |
_aDell´Ingegnoso Cittadino Don Chisciotte della Mancia _cComposto da Michel di Cervantes Saavedra et hora nuovamente tradotta con fedeltá e chiarezza, di Spagnolo, in Italiano, da Lorenzo Franciosini Fiorentino. |
| 260 |
_aVenecia _bAntonio Groppo _c1722 |
||
| 300 |
_a2 v. _c17 cm. |
||
| 500 | _aContenido : v.1. Primera parte. Advertencia del traductor. Prólogo de Cervantes. -- v.2. Segunda parte | ||
| 500 | _aEdición : In questa Terza Impressione corretta, e migliorata con la Traduzione de Versi Spagnuoli, non tradotti nella prima edizione | ||
| 500 | _aCopia de la edición de 1625. Es la tercera que contiene las dos partes de la novela, traducida por Franciosini. Pergamino Lúdovik Osterc | ||
| 500 | _aQM540 | ||
| 546 | _aTexto en : italiano | ||
| 650 | 1 | 4 |
_aNovela española _yÉpoca clásica, 1500-1700 _9215 |
| 650 | 1 | 4 |
_aLiteratura española _yÉpoca clásica, 1500-1700 _9216 |
| 650 | 1 | 4 |
_aNovela española _ySiglo XVII _9217 |
| 650 | 1 | 4 |
_aDon Quijote (Personaje ficticio) _eNovela _9218 |
| 700 | 1 |
_aFranciosini Fiorentino, Lorenzo _eTraductor _98992 |
|
| 740 | 0 | _aEl Ingenioso Hidalgo Don Quijote de la Mancha | |
| 902 | _aQFM | ||
| 942 |
_2lcc _cB |
||
| 999 |
_c3168 _d3168 |
||